Statistics for Vampire Diaries Quiz

Click here to take the quiz!

General Stats

  • This quiz has been taken 3,340 times
  • The average score is 12 of 15

Answer Stats

Hint% Correct
Which salavatore brother did elena meet first?Damon
100%
who killed mason lockwood?Damon
100%
Who is elena's doppelganger?Katherine
93%
Which character is a witch?bonnie
92%
Who is Klaus in love with?Caroline
92%
What is the main town called?Mystic Falls
87%
What is Klaus?Hybrid
86%
What is stefan's bestfriend called?Lexi
86%
what is the name of klaus's sister?Rebekah
85%
what is the name of herb that harms vampires?Vervain
80%
what was the name of jeremy's first girlfriend?Vicki
78%
What does Jeremy become in season 4?Vampire hunter
68%
Which season does elena turn into a vampire?Season 4
64%
which characters write a diary?stefan and elena
62%
Who turned elena?Damon Salvatore
16%

Score Distribution

Percentile by Number Answered

Percent of People with Each Score

Your Score History

You have not taken this quiz